| 000 | 00834cam a2200229 4500 | ||
|---|---|---|---|
| 001 | WS118830 | ||
| 008 | 020715n 000 0 eng u | ||
| 035 | _a(Sirsi) u118830 | ||
| 110 |
_aEmap Communications Group _94283 |
||
| 245 | _aTotal Telecom | ||
| 520 | _aWeb site which aims to deliver news and views on the global telecoms industry. Much of the site is free but there are added subscription services. Includes details of news and a glossary of terms. | ||
| 650 | _aMOBILE PHONES | ||
| 650 | _aSATELLITE COMMUNICATIONS | ||
| 650 | _aINTERNET | ||
| 650 | _aE-COMMERCE | ||
| 650 | _aNETWORK INFRASTRUCTURE | ||
| 650 | _aGLOSSARY | ||
| 650 | _aTELECOMMUNICATIONS | ||
| 690 | _aTRANSPORT AND COMMUNICATIONS | ||
| 856 | 4 | 0 |
_uhttps://www.totaltele.com _zView the website free of charge at www.totaltele.com... |
| 942 | _n0 | ||
| 999 |
_c120098 _d120098 |
||